[Event "Witney op-C"]
[White "Talib, Rosli"]
[Black "Walker, Roger W"]
[Site "Witney"]
[Round "4"]
[Result "0-1"]
[Date "2016.10.23"]
[WhiteElo "1140"]
[BlackElo "1210"]
[PlyCount "78"]
[EventDate "2016.10.22"]
[EventType "swiss"]
[EventRounds "5"]
[EventCountry "ENG"]
[SourceTitle "EXT 2025"]
[Source "ChessBase"]
[SourceDate "2024.10.14"]
[SourceVersion "1"]
[SourceVersionDate "2024.10.14"]
[SourceQuality "1"]

1. d4 Nf6 2. c4 c5 3. d5 b5 4. cxb5 a6 5. b6 Qxb6 6. Nc3 d6 7. e4 g6 8. Qc2 Bg7 9. Be3 Ng4 10. Nf3 Nxe3 11. fxe3 Nd7 12. Be2 Ne5 13. 0-0 0-0 14. Rab1 Bd7 15. a3 a5 16. a4 Ng4 17. Qc1 Bh6 18. Nd1 Bxa4 19. h3 Bxd1 20. hxg4 Bxe2 21. Rf2 Bd3 22. Ra1 Bxe4 23. g5 Bg7 24. Ra2 Bxd5 25. Ra4 c4 26. Nh2 f6 27. Qd2 Qb5 28. gxf6 Rxf6 29. Rxf6 Bxf6 30. Ng4 Bg7 31. Ra1 Rf8 32. Re1 Be6 33. Qe2 Qxb2 34. Qxb2 Bxb2 35. Nh2 a4 36. Nf3 a3 37. Nd4 Rf6 38. Nc2 c3 39. Nb4 a2 0-1